7-Letter Words Without First or Last Letters Quiz Stats

 Plays Quiz Updated Sep 17, 2017

Score 0/36 Timer 08:00
4 Plays Today
Hint Answer % Correct
_ ARTOO _CARTOON
92.9%
_ RUFFL _TRUFFLE
89.8%
_ HAPEL _CHAPELS
87.8%
_ ARPOO _CARPOOL
86.5%
_ ARLOR _PARLORS
85.2%
_ ALCON _FALCONS
82.7%
_ ALCON _BALCONY
81.2%
_ URBIN _TURBINE
80.3%
_ ENFOL _TENFOLD
79.2%
_ ERVER _SERVERS
78.6%
_ OLOGN _COLOGNE
76.7%
_ ONFIR _CONFIRM
75.5%
_ ARPOO _HARPOON
75%
_ ALONE _BALONEY
73.7%
_ ONFIR _BONFIRE
73.7%
_ UTLAS _CUTLASS
73.4%
_ OLOGN _BOLOGNA
72.2%
_ UTCAS _OUTCAST
70%
Hint Answer % Correct
_ UTLAS _OUTLAST
67%
_ OBLES _NOBLEST
64.3%
_ UTCAS _NUTCASE
58.4%
_ ERSEL _HERSELF
55%
_ ELLIS _HELLISH
53.6%
_ ARLOR _WARLORD
51.1%
_ ERVER _PERVERT
50.1%
_ OBLES _JOBLESS
44.1%
_ ELLIS _CELLIST
42.6%
_ RUFFL _GRUFFLY
39.7%
_ URVIE _CURVIER
38.3%
_ HAPEL _SHAPELY
37.9%
_ ARTOO _PARTOOK
37.1%
_ URVIE _PURVIEW
33.6%
_ URBIN _CURBING
32.5%
_ ENFOL _MENFOLK
24.6%
_ ERSEL _TERSELY
22.5%
_ ALONE _TALONED
15.6%

You're not logged in!

Compare scores with friends on all Sporcle quizzes.
OR
Log In

You Might Also Like...

Show Comments

Extras

Top Quizzes Today


Score Distribution

Your Account Isn't Verified!

In order to create a playlist on Sporcle, you need to verify the email address you used during registration. Go to your Sporcle Settings to finish the process.

Report this User

Report this user for behavior that violates our Community Guidelines.

Details: